000 00348nam a2200121Ia 4500
008 190802s9999 xx 000 0 und d
020 _a13:978-1-25-902743-7
100 _aSteven C.Chapra
245 0 _aApplied Numerical Methods with Matlab for Engineers and Scientists
260 _aNew Delhi
_bMc Graw Hill
_c2012
300 _a652:P
942 _cBK
999 _c2201
_d2201